MARC

LEADER 00000nam0a2200000 4500
001 335060
005 20231102004721.0
035 |a (RuTPU)RU\TPU\book\361387 
090 |a 335060 
100 |a 20170913d1954 k y0rusy50 ca 
101 0 |a rus 
102 |a RU 
105 |a a z 001zy 
200 1 |a Осциллографическая полярография  |e [оттиск]  |f Я. П. Гохштейн, Ю. А. Сурков  |g Академия наук СССР (АН СССР) 
210 |a Москва  |c Изд-во АН СССР  |d 1954 
215 |a 27 с.  |c ил. 
225 1 |a Журнал аналитической химии  |v Т. 9, вып. 6 
320 |a Библиогр. в конце ст. 
606 1 |a Полярография осциллографическая  |2 stltpush  |3 (RuTPU)RU\TPU\subj\50823  |9 69457 
610 1 |a оттиски 
610 1 |a библиотека А. Г. Стромберга 
610 1 |a установки 
610 1 |a схемы 
610 1 |a теория 
610 1 |a уравнения 
610 1 |a таблицы 
610 1 |a качественный анализ 
610 1 |a электродные реакции 
610 1 |a обратимость 
675 |a 543.552  |v 4 
700 1 |a Гохштейн  |b Я. П. 
701 1 |a Сурков  |b Ю. А. 
712 0 2 |a Академия наук СССР (АН СССР)  |c (Ленинград/Москва)  |c (1925-1991)  |2 stltpush  |3 (RuTPU)RU\TPU\col\722 
801 1 |a RU  |b 63413507  |c 20170913 
801 2 |a RU  |b 63413507  |c 20171211  |g RCR 
942 |c BK